000 01306nam a2200277 i 4500
003 DO-SdBNP
005 20240307073950.0
007 ta
008 100322s2020 dr 000 0 spaspa d
020 _a9789945916546
040 _aDO-SdBNP
_bspa
_cBNPHU
_erda
082 4 _222
100 _aAlcántara Sáez, Manuel
_92510
245 1 0 _aTiempos políticos convulsos :
_bconferencia magistral en el acto de conmemoración del XII aniversario de la Escuela de Formación Electoral y del Estado Civil /
_cManuel Alcántara Sáez
264 _aSanto Domingo :
_bEFEC,
_bJCE,
_c2020.
300 _a23 páginas :
_c21 cm.
336 _2rdacontent
_atexto
_btxt
337 _2rdamedia
_asin mediación
_bn
338 _2rdacarrier
_avolumen
_bnc
505 _aIntroducción --
_tLa búsqueda de reconocimiento --
_tLa gestión de la confianza --
_tEl ordenamiento de las identidades --
_tEl vacío de la representación y el descrédito de la intermediación --
_tEl señuelo de que todo es posible --
_tEl falso sentido de empoderamiento --
_tConsideración final .
590 _aInventariado, 2021/ YL
710 2 _aConsejo Académico de la Escuela de Formación Electoral y del Estado Civil
_978186
710 1 _aRepública Dominicana.
_b Junta Central Electoral
_964605
910 _aYLOCKWARD
942 _2ddc
_cLF2
999 _c49632
_d49632